DEVELOPING professional practice in the early years

Uloženo v:
Podrobná bibliografie
Médium: Kniha
Jazyk:angličtina
Vydáno: Open University Press 2020
Tagy: Přidat tag
Žádné tagy, Buďte první, kdo vytvoří štítek k tomuto záznamu!

MARC

LEADER 00000nam a22000007a 4500
008 210727b ||||| |||| 00| 0 eng d
020 |a 9780335264766 
245 |a DEVELOPING professional practice in the early years  |c Shirley Allen et al.  |g 1X, 200Pp. 
260 |b Open University Press  |c 2020  |h London  |i 696479  |i 696480  |l LB 1139 . 3 D49  |m Early childhood education  |m Reflective teaching  |m Educational teaching 
500 |a It includes bibliography and index 
942 |a lcc  |c BK  |e ADEYEYE Y. S.  |f 27 - 07 2021 
952 |0 0  |1 0  |2 lcc  |4 0  |6 LB11393 D49  |7 0  |9 2891  |a HOL  |b ED  |c LP  |d 2021-07-27  |l 0  |o LB 1139 .3 D49  |p 2021-66553  |r 2021-07-27 00:00:00  |w 2021-07-27  |y BK 
952 |0 0  |1 0  |2 lcc  |4 0  |6 LB11393 D49  |7 0  |9 2892  |a HOL  |b ED  |c LP  |d 2021-07-27  |l 0  |o LB 1139 .3 D49  |p 2021-66554  |r 2021-07-27 00:00:00  |w 2021-07-27  |y BK 
999 |c 1475  |d 1475